The Hair-Shaving and Nail-Cutting Scenes in Ptahshepses’ Tomb at Saqqara /

This article deals with a manicure and shaving scene in a new discovered and unpublished Old Kingdom tomb at Saqqara, describing that scene, translating the accompanied texts, and comparing it with the other similar scenes in that period.

محفوظ في:

المؤلف الرئيسي: Soleiman, Saleh.

التنسيق: كتاب

اللغة: Undetermined

الوصول للمادة أونلاين: Login to view Source

الوسوم: إضافة وسم

لا توجد وسوم, كن أول من يضع وسما على هذه التسجيلة!

رقم الطلب:

LEADER 00692nam a2200109Ia 4500
008 220712s9999||||xx |||||||||||||| ||und||
100 1 |a Soleiman, Saleh. 
245 1 4 |a The Hair-Shaving and Nail-Cutting Scenes in Ptahshepses’ Tomb at Saqqara /  |c Saleh Soleiman. 
520 3 |a This article deals with a manicure and shaving scene in a new discovered and unpublished Old Kingdom tomb at Saqqara, describing that scene, translating the accompanied texts, and comparing it with the other similar scenes in that period. 
856 4 |u https://lockwoodonlinejournals.com/index.php/jarce/workflow/access/37 
952 |0 0  |1 0  |4 0  |7 1  |9 42317  |a JARCE  |b JARCE  |d 2022-08-09  |l 0  |r 2022-08-09 00:00:00  |w 2022-08-09  |y PT 
999 |c 49080  |d 49080